000 01141nam a22002897a 4500
005 20090626104815.0
008 090626t xxu||||| |||| 00| 0 eng d
010 _aENG-94245
020 _a9788183563147
_c425.00
035 _aEN-77778
037 _bDBAD / VEN
040 _adpl
_bEnglish
082 _a332
100 _aLakshmi Narasaiah, M.
245 _aMicrocredit and women /
_cby M. Lakshmi Narasaiah
260 _aNew Delhi
_bDiscovery Publishing House
_c2008
270 _a4831/24, Ansari Road, Prahlad Street, Darya Ganj
_bNew Delhi
_e110002
300 _av, 148p.
_c23cm(Hb)
500 _aIncludes bibliographical references and index
650 _aMicrofinance
_zIndia
650 _aWomen in development
_zIndia
650 _aWomen
_zIndia
_xSocial conditions
650 _aWomen
_zIndia
_xEconomic conditions
942 _2ddc
_cEN
_mLAX
_h332
999 _c27903
_d27903